| 000 | 00704cam a22002413a 4500 | ||
|---|---|---|---|
| 001 | 26186 | ||
| 003 | PGUSA | ||
| 005 | 20140828083550.0 | ||
| 008 | 080804s2008||||xxu|||||s|||||000 1 eng d | ||
| 040 |
_aPGUSA _beng |
||
| 042 | _adc | ||
| 050 | 4 | _aPR | |
| 100 | 1 |
_aGraham, Winifred _q(Matilda Winifred Muriel) |
|
| 245 | 1 | 0 |
_aWhen the Birds Begin to Sing _h[electronic resource] / _cWinifred Graham |
| 260 |
_bProject Gutenberg, _c2008 |
||
| 506 | _aPublic domain in the USA. | ||
| 516 | _aElectronic text | ||
| 653 | _aEnglish fiction -- 19th century | ||
| 700 | 1 |
_aPiffard, Harold, _d-1938 |
|
| 830 | 0 |
_aProject Gutenberg _v26186 |
|
| 856 | 4 | 0 | _uhttp://www.gutenberg.org/ebooks/26186 |
| 942 | _cEB | ||
| 999 |
_c255441 _d255441 |
||